[Event "9. Forchheimer Sparkassen Open 2010"]
[Site "Forchheim"]
[Date "2010.10.02"]
[Round "3.13"]
[White "Osmanovic, Faruk"]
[Black "Singer, Christoph"]
[Result "1/2-1/2"]
[WhiteElo "2118"]
[BlackElo "2369"]
[PlyCount "100"]
[EventDate "2010.??.??"]
[WhiteTeam "SC Blau.Turm Bad Wimpfen"]
[BlackTeam "SC Tarrasch 45 München"]

1. e4 {[%emt 0:00:00]} e5 {[%emt 0:00:02]} 2. Nf3 {[%emt 0:00:02]} Nc6 {
[%emt 0:00:02]} 3. Bc4 {[%emt 0:00:02]} Bc5 {[%emt 0:00:02]} 4. c3 {
[%emt 0:00:02]} Nf6 {[%emt 0:00:02]} 5. d4 {[%emt 0:00:03]} exd4 {
[%emt 0:00:02]} 6. e5 {[%emt 0:00:02]} d5 {[%emt 0:00:01]} 7. Bb5 {
[%emt 0:00:02]} Ne4 {[%emt 0:00:01]} 8. cxd4 {[%emt 0:00:02]} Be7 {
[%emt 0:00:02]} 9. Nfd2 {[%emt 0:00:00]} O-O {[%emt 0:00:08]} 10. Bxc6 {
[%emt 0:00:03]} bxc6 {[%emt 0:00:01]} 11. Nxe4 {[%emt 0:00:04]} dxe4 {
[%emt 0:00:01]} 12. O-O {[%emt 0:00:02]} Ba6 {[%emt 0:00:01]} 13. Re1 {
[%emt 0:00:06]} Bd3 {[%emt 0:00:02]} 14. Be3 {[%emt 0:00:03]} c5 {
[%emt 0:00:03]} 15. dxc5 {[%emt 0:00:07]} Qd5 {[%emt 0:00:01]} 16. Qh5 {
[%emt 0:00:02]} f5 {[%emt 0:00:02]} 17. f4 {[%emt 0:00:02]} Bxc5 {
[%emt 0:00:02]} 18. Qh3 {[%emt 0:00:03]} Rab8 {[%emt 0:00:02]} 19. Nc3 {
[%emt 0:00:05]} Qc6 {[%emt 0:00:02]} 20. Rac1 {[%emt 0:00:02]} Rxb2 {
[%emt 0:00:02]} 21. Nd1 {[%emt 0:00:03]} Rc2 {[%emt 0:00:03]} 22. Rxc2 {
[%emt 0:00:02]} Bxc2 {[%emt 0:00:01]} 23. Bxc5 {[%emt 0:00:03]} Qxc5+ {
[%emt 0:00:01]} 24. Qe3 {[%emt 0:00:02]} Qa5 {[%emt 0:00:04]} 25. Qc3 {
[%emt 0:00:02]} Qxc3 {[%emt 0:00:03]} 26. Nxc3 {[%emt 0:00:01]} Rd8 {
[%emt 0:00:05]} 27. Rc1 {[%emt 0:00:02]} Rd2 {[%emt 0:00:03]} 28. Nd5 {
[%emt 0:00:04]} Rxd5 {[%emt 0:00:04]} 29. Rxc2 {[%emt 0:00:02]} c5 {
[%emt 0:00:01]} 30. Kf2 {[%emt 0:00:02]} Kf7 {[%emt 0:00:02]} 31. Ke2 {
[%emt 0:00:02]} Ke6 {[%emt 0:00:02]} 32. Rc4 {[%emt 0:00:02]} Ke7 {
[%emt 0:00:02]} 33. g4 {[%emt 0:00:10]} Ke6 {[%emt 0:00:02]} 34. Ra4 {
[%emt 0:00:02]} fxg4 {[%emt 0:00:02]} 35. Rxa7 {[%emt 0:00:02]} c4 {
[%emt 0:00:06]} 36. Rc7 {[%emt 0:00:03]} Ra5 {[%emt 0:00:03]} 37. Ke3 {
[%emt 0:00:03]} Rxa2 {[%emt 0:00:02]} 38. Kxe4 {[%emt 0:00:04]} Re2+ {
[%emt 0:00:03]} 39. Kd4 {[%emt 0:00:02]} Rxh2 {[%emt 0:00:02]} 40. Rxg7 {
[%emt 0:00:03]} h5 {[%emt 0:00:04]} 41. Rg6+ {[%emt 0:00:40]} Kf7 {
[%emt 0:00:04]} 42. f5 {[%emt 0:00:01]} Rf2 {[%emt 0:00:02]} 43. e6+ {
[%emt 0:00:03]} Ke7 {[%emt 0:00:02]} 44. Rg7+ {[%emt 0:00:02]} Kf6 {
[%emt 0:00:02]} 45. Rf7+ {[%emt 0:00:02]} Kg5 {[%emt 0:00:03]} 46. Ke3 {
[%emt 0:00:02]} Rf1 {[%emt 0:00:02]} 47. Ke2 {[%emt 0:00:02]} Rf4 {
[%emt 0:00:01]} 48. Ke3 {[%emt 0:00:02]} Rf1 {[%emt 0:00:02]} 49. Ke2 {
[%emt 0:00:02]} Rf4 {[%emt 0:00:01]} 50. Ke3 {[%emt 0:00:03]} Rf1 {
[%emt 0:00:01]} 1/2-1/2

[Event "9. Forchheimer Sparkassen Open 2010"]
[Site "Forchheim"]
[Date "2010.10.02"]
[Round "3.14"]
[White "Schöne, Ralf"]
[Black "Kutzner, Joachim"]
[Result "1-0"]
[WhiteElo "2319"]
[BlackElo "2154"]
[PlyCount "70"]
[EventDate "2010.??.??"]
[WhiteTeam "TSG Neuruppin"]
[BlackTeam "Schachclub Erkrath 1973"]

1. d4 {[%emt 0:00:00]} Nf6 {[%emt 0:00:01]} 2. c4 {[%emt 0:00:02]} g6 {
[%emt 0:00:01]} 3. g3 {[%emt 0:00:02]} Bg7 {[%emt 0:00:02]} 4. Bg2 {
[%emt 0:00:07]} c5 {[%emt 0:00:02]} 5. d5 {[%emt 0:00:02]} d6 {[%emt 0:00:02]}
6. Nc3 {[%emt 0:00:02]} a6 {[%emt 0:00:01]} 7. a4 {[%emt 0:00:02]} O-O {
[%emt 0:00:02]} 8. Nf3 {[%emt 0:00:03]} e5 {[%emt 0:00:01]} 9. O-O {
[%emt 0:00:02]} a5 {[%emt 0:00:01]} 10. e4 {[%emt 0:00:03]} Na6 {[%emt 0:00:01]
} 11. Ne1 {[%emt 0:00:07]} Ne8 {[%emt 0:00:01]} 12. f4 {[%emt 0:00:02]} f5 {
[%emt 0:00:02]} 13. exf5 {[%emt 0:00:04]} gxf5 {[%emt 0:00:01]} 14. Kh1 {
[%emt 0:00:02]} Qe7 {[%emt 0:00:01]} 15. Ra3 {[%emt 0:00:02]} Nb4 {
[%emt 0:00:02]} 16. Nb5 {[%emt 0:00:13]} Bd7 {[%emt 0:00:03]} 17. fxe5 {
[%emt 0:00:16]} Bxb5 {[%emt 0:00:02]} 18. exd6 {[%emt 0:00:03]} Nxd6 {
[%emt 0:00:03]} 19. cxb5 {[%emt 0:00:03]} Nc4 {[%emt 0:00:02]} 20. Raf3 {
[%emt 0:00:03]} Rae8 {[%emt 0:00:03]} 21. b3 {[%emt 0:00:02]} Nd6 {
[%emt 0:00:02]} 22. Nd3 {[%emt 0:00:02]} Nxd5 {[%emt 0:00:03]} 23. Nxc5 {
[%emt 0:00:02]} Nc3 {[%emt 0:00:02]} 24. Qc2 {[%emt 0:00:04]} b6 {
[%emt 0:00:02]} 25. Rxc3 {[%emt 0:00:03]} bxc5 {[%emt 0:00:11]} 26. Rxc5 {
[%emt 0:00:02]} Qe2 {[%emt 0:00:05]} 27. Bf4 {[%emt 0:00:03]} Qxc2 {
[%emt 0:00:02]} 28. Bd5+ {[%emt 0:00:00]} Kh8 {[%emt 0:00:02]} 29. Rxc2 {
[%emt 0:00:01]} Ne4 {[%emt 0:00:03]} 30. b6 {[%emt 0:00:02]} Nc3 {
[%emt 0:00:00]} 31. Bf3 {[%emt 0:00:07]} Ne4 {[%emt 0:00:04]} 32. b7 {
[%emt 0:00:02]} Bd4 {[%emt 0:00:03]} 33. b8=Q {[%emt 0:00:04]} Rxb8 {
[%emt 0:00:03]} 34. Bxb8 {[%emt 0:00:01]} Rxb8 {[%emt 0:00:03]} 35. Bxe4 {
[%emt 0:00:04]} fxe4 {[%emt 0:00:02]} 1-0

[Event "9. Forchheimer Sparkassen Open 2010"]
[Site "Forchheim"]
[Date "2010.10.02"]
[Round "3.15"]
[White "Nabavi, Parwis"]
[Black "Jacobi, Robin"]
[Result "1-0"]
[WhiteElo "2203"]
[BlackElo "2066"]
[PlyCount "67"]
[EventDate "2010.??.??"]
[WhiteTeam "SGEM Dreisamtal"]
[BlackTeam "SV Empor Erfurt"]

1. d4 {[%emt 0:00:00]} Nf6 {[%emt 0:00:02]} 2. c4 {[%emt 0:00:02]} g6 {
[%emt 0:00:01]} 3. Nc3 {[%emt 0:00:02]} d5 {[%emt 0:00:01]} 4. e3 {
[%emt 0:00:03]} Bg7 {[%emt 0:00:02]} 5. Qb3 {[%emt 0:00:03]} e6 {[%emt 0:00:02]
} 6. Qa3 {[%emt 0:00:02]} b6 {[%emt 0:00:01]} 7. cxd5 {[%emt 0:00:03]} Nxd5 {
[%emt 0:00:01]} 8. Nxd5 {[%emt 0:00:03]} exd5 {[%emt 0:00:01]} 9. Nf3 {
[%emt 0:00:03]} Nd7 {[%emt 0:00:03]} 10. Bb5 {[%emt 0:00:03]} Bb7 {
[%emt 0:00:02]} 11. Qa4 {[%emt 0:00:03]} a6 {[%emt 0:00:03]} 12. Bc6 {
[%emt 0:00:02]} Qc8 {[%emt 0:00:02]} 13. Bd2 {[%emt 0:00:03]} b5 {
[%emt 0:00:02]} 14. Qc2 {[%emt 0:00:03]} O-O {[%emt 0:00:02]} 15. Rc1 {
[%emt 0:00:07]} Nb6 {[%emt 0:00:02]} 16. Bb4 {[%emt 0:00:05]} Bxc6 {
[%emt 0:00:03]} 17. Bxf8 {[%emt 0:00:03]} Bxf8 {[%emt 0:00:03]} 18. Qxc6 {
[%emt 0:00:04]} Bb4+ {[%emt 0:00:05]} 19. Ke2 {[%emt 0:00:02]} Qf5 {
[%emt 0:00:03]} 20. Qxc7 {[%emt 0:00:02]} Rc8 {[%emt 0:00:03]} 21. Qxb6 {
[%emt 0:00:05]} Rc2+ {[%emt 0:00:02]} 22. Rxc2 {[%emt 0:00:03]} Qxc2+ {
[%emt 0:00:01]} 23. Nd2 {[%emt 0:00:02]} Bxd2 {[%emt 0:00:06]} 24. Qd8+ {
[%emt 0:00:01]} Kg7 {[%emt 0:00:04]} 25. Qxd5 {[%emt 0:00:03]} Be1+ {
[%emt 0:00:02]} 26. Kxe1 {[%emt 0:00:04]} Qc1+ {[%emt 0:00:02]} 27. Ke2 {
[%emt 0:00:02]} Qxh1 {[%emt 0:00:02]} 28. h3 {[%emt 0:00:02]} Qc1 {
[%emt 0:00:03]} 29. Qb3 {[%emt 0:00:03]} Qb1 {[%emt 0:00:11]} 30. a3 {
[%emt 0:00:05]} h5 {[%emt 0:00:02]} 31. d5 {[%emt 0:00:02]} Qf5 {[%emt 0:00:03]
} 32. d6 {[%emt 0:00:02]} Kf8 {[%emt 0:00:02]} 33. Qc3 {[%emt 0:00:02]} Ke8 {
[%emt 0:00:04]} 34. Qc6+ {[%emt 0:00:06]} 1-0

[Event "9. Forchheimer Sparkassen Open 2010"]
[Site "Forchheim"]
[Date "2010.10.02"]
[Round "3.16"]
[White "Promyshlyanskiy, Vitaliy"]
[Black "Riedel, Lutz"]
[Result "0-1"]
[WhiteElo "2237"]
[BlackElo "2139"]
[PlyCount "126"]
[EventDate "2010.??.??"]
[WhiteTeam "SC Noris-Tarrasch Nürnberg 1873"]
[BlackTeam "SK Krumbach"]

1. e4 {[%emt 0:00:00]} c5 {[%emt 0:00:01]} 2. Nc3 {[%emt 0:00:01]} Nc6 {
[%emt 0:00:02]} 3. Bb5 {[%emt 0:00:02]} g6 {[%emt 0:00:01]} 4. Bxc6 {
[%emt 0:00:04]} bxc6 {[%emt 0:00:01]} 5. f4 {[%emt 0:00:01]} Bg7 {
[%emt 0:00:01]} 6. Nf3 {[%emt 0:00:03]} Nf6 {[%emt 0:00:01]} 7. O-O {
[%emt 0:00:02]} c4 {[%emt 0:00:01]} 8. Qe2 {[%emt 0:00:02]} a5 {[%emt 0:00:01]}
9. Kh1 {[%emt 0:00:02]} a4 {[%emt 0:00:02]} 10. Ne5 {[%emt 0:00:03]} O-O {
[%emt 0:00:02]} 11. Nxc4 {[%emt 0:00:02]} d5 {[%emt 0:00:02]} 12. Ne5 {
[%emt 0:00:02]} Qc7 {[%emt 0:00:02]} 13. Rb1 {[%emt 0:00:02]} d4 {
[%emt 0:00:03]} 14. Nd1 {[%emt 0:00:02]} Nh5 {[%emt 0:00:02]} 15. Nd3 {
[%emt 0:00:02]} c5 {[%emt 0:00:02]} 16. g4 {[%emt 0:00:03]} Nf6 {[%emt 0:00:02]
} 17. Ne5 {[%emt 0:00:02]} Nxe4 {[%emt 0:00:02]} 18. d3 {[%emt 0:00:03]} Nf6 {
[%emt 0:00:02]} 19. h3 {[%emt 0:00:02]} Nd5 {[%emt 0:00:02]} 20. c4 {
[%emt 0:00:01]} f6 {[%emt 0:00:01]} 21. Nxg6 {[%emt 0:00:05]} hxg6 {
[%emt 0:00:03]} 22. cxd5 {[%emt 0:00:01]} Qd6 {[%emt 0:00:01]} 23. a3 {
[%emt 0:00:03]} Qxd5+ {[%emt 0:00:01]} 24. Qg2 {[%emt 0:00:02]} Bb7 {
[%emt 0:00:05]} 25. Qxd5+ {[%emt 0:00:01]} Bxd5+ {[%emt 0:00:01]} 26. Kh2 {
[%emt 0:00:02]} e5 {[%emt 0:00:01]} 27. Nf2 {[%emt 0:00:03]} c4 {[%emt 0:00:02]
} 28. dxc4 {[%emt 0:01:06]} Bxc4 {[%emt 0:00:02]} 29. Re1 {[%emt 0:00:02]} Ba2
{[%emt 0:00:02]} 30. Bd2 {[%emt 0:00:05]} Rab8 {[%emt 0:00:02]} 31. Bb4 {
[%emt 0:00:02]} Rf7 {[%emt 0:00:02]} 32. Nd3 {[%emt 0:00:02]} Bc4 {
[%emt 0:00:02]} 33. Rbd1 {[%emt 0:00:03]} Bxd3 {[%emt 0:00:02]} 34. Rxd3 {
[%emt 0:00:01]} Rc8 {[%emt 0:00:02]} 35. Re2 {[%emt 0:00:02]} Rfc7 {
[%emt 0:00:03]} 36. Rdd2 {[%emt 0:00:03]} Rc6 {[%emt 0:00:02]} 37. Kg2 {
[%emt 0:00:03]} Rc4 {[%emt 0:00:01]} 38. fxe5 {[%emt 0:00:03]} fxe5 {
[%emt 0:00:01]} 39. g5 {[%emt 0:00:01]} Kf7 {[%emt 0:00:02]} 40. Kf3 {
[%emt 0:00:02]} Ke6 {[%emt 0:00:01]} 41. Ke4 {[%emt 0:00:02]} Rh8 {
[%emt 0:00:03]} 42. Rh2 {[%emt 0:00:02]} Rh4+ {[%emt 0:00:02]} 43. Kf3 {
[%emt 0:00:02]} e4+ {[%emt 0:00:01]} 44. Kg3 {[%emt 0:00:01]} Rh8 {
[%emt 0:00:01]} 45. Rc2 {[%emt 0:00:02]} Rhc8 {[%emt 0:00:02]} 46. Rxc4 {
[%emt 0:00:02]} Rxc4 {[%emt 0:00:01]} 47. Re2 {[%emt 0:00:02]} Be5+ {
[%emt 0:00:02]} 48. Kg4 {[%emt 0:00:02]} e3 {[%emt 0:00:02]} 49. Kf3 {
[%emt 0:00:02]} Kf5 {[%emt 0:00:01]} 50. h4 {[%emt 0:00:02]} Bf4 {
[%emt 0:00:02]} 51. h5 {[%emt 0:00:02]} gxh5 {[%emt 0:00:02]} 52. g6 {
[%emt 0:00:02]} Bh6 {[%emt 0:00:12]} 53. Rg2 {[%emt 0:00:02]} Bg7 {
[%emt 0:00:03]} 54. Be7 {[%emt 0:00:07]} Ke6 {[%emt 0:00:04]} 55. Bd8 {
[%emt 0:00:02]} Rc8 {[%emt 0:00:02]} 56. Bb6 {[%emt 0:00:02]} Kf5 {
[%emt 0:00:02]} 57. Ba7 {[%emt 0:00:04]} Be5 {[%emt 0:00:03]} 58. b3 {
[%emt 0:00:03]} axb3 {[%emt 0:00:02]} 59. Rb2 {[%emt 0:00:01]} Rc2 {
[%emt 0:00:06]} 60. g7 {[%emt 0:00:03]} Bxg7 {[%emt 0:00:03]} 61. Rxb3 {
[%emt 0:00:03]} Rf2+ {[%emt 0:00:02]} 62. Kg3 {[%emt 0:00:02]} Be5+ {
[%emt 0:00:04]} 63. Kh4 {[%emt 0:00:02]} Rh2# {[%emt 0:00:03]} 0-1

[Event "9. Forchheimer Sparkassen Open 2010"]
[Site "Forchheim"]
[Date "2010.10.02"]
[Round "3.19"]
[White "Bader, Dominic"]
[Black "Klek, Hanna Marie"]
[Result "0-1"]
[WhiteElo "2127"]
[BlackElo "2169"]
[PlyCount "94"]
[EventDate "2010.??.??"]
[WhiteTeam "SC 1947 Beilngries"]
[BlackTeam "SC Erlangen 48/88"]

1. e4 {[%emt 0:00:00]} g6 {[%emt 0:00:02]} 2. Nc3 {[%emt 0:00:02]} Bg7 {
[%emt 0:00:02]} 3. Nf3 {[%emt 0:00:02]} a6 {[%emt 0:00:02]} 4. d4 {
[%emt 0:00:03]} d6 {[%emt 0:00:02]} 5. Be2 {[%emt 0:00:02]} b5 {[%emt 0:00:01]}
6. Be3 {[%emt 0:00:03]} Bb7 {[%emt 0:00:02]} 7. a3 {[%emt 0:00:02]} Nd7 {
[%emt 0:00:02]} 8. Nd2 {[%emt 0:00:02]} Ngf6 {[%emt 0:00:02]} 9. O-O {
[%emt 0:00:02]} Rc8 {[%emt 0:00:02]} 10. f4 {[%emt 0:00:03]} c5 {[%emt 0:00:01]
} 11. d5 {[%emt 0:00:02]} O-O {[%emt 0:00:02]} 12. Bf3 {[%emt 0:00:02]} Re8 {
[%emt 0:00:02]} 13. g4 {[%emt 0:00:03]} Nf8 {[%emt 0:00:02]} 14. Ne2 {
[%emt 0:00:05]} e6 {[%emt 0:00:02]} 15. dxe6 {[%emt 0:00:02]} fxe6 {
[%emt 0:00:02]} 16. Qe1 {[%emt 0:00:01]} Rc7 {[%emt 0:00:03]} 17. Rd1 {
[%emt 0:00:04]} Qa8 {[%emt 0:00:03]} 18. Ng3 {[%emt 0:00:03]} Rf7 {
[%emt 0:00:03]} 19. g5 {[%emt 0:00:02]} N6d7 {[%emt 0:00:02]} 20. c3 {
[%emt 0:00:02]} Nb6 {[%emt 0:00:02]} 21. Qe2 {[%emt 0:00:02]} Nfd7 {
[%emt 0:00:02]} 22. Nb1 {[%emt 0:00:02]} Nc4 {[%emt 0:00:02]} 23. Bc1 {
[%emt 0:00:09]} Bf8 {[%emt 0:00:07]} 24. h4 {[%emt 0:00:02]} Na5 {
[%emt 0:00:30]} 25. Qc2 {[%emt 0:00:03]} e5 {[%emt 0:00:01]} 26. Bg4 {
[%emt 0:00:03]} exf4 {[%emt 0:00:03]} 27. Bxd7 {[%emt 0:00:02]} Rxd7 {
[%emt 0:00:02]} 28. Rxf4 {[%emt 0:00:03]} Nc6 {[%emt 0:00:03]} 29. Rdf1 {
[%emt 0:00:03]} Ne5 {[%emt 0:00:02]} 30. Nd2 {[%emt 0:00:02]} Bg7 {
[%emt 0:00:02]} 31. c4 {[%emt 0:00:02]} Bc6 {[%emt 0:00:03]} 32. b3 {
[%emt 0:00:01]} Rdd8 {[%emt 0:00:00]} 33. Bb2 {[%emt 0:00:06]} Rf8 {
[%emt 0:00:04]} 34. Qb1 {[%emt 0:00:03]} Qc8 {[%emt 0:00:02]} 35. Rxf8+ {
[%emt 0:00:03]} Rxf8 {[%emt 0:00:01]} 36. Rxf8+ {[%emt 0:00:02]} Qxf8 {
[%emt 0:00:02]} 37. Qf1 {[%emt 0:00:03]} Qc8 {[%emt 0:00:02]} 38. Bxe5 {
[%emt 0:00:03]} Bxe5 {[%emt 0:00:03]} 39. Qd3 {[%emt 0:00:02]} Qg4 {
[%emt 0:00:03]} 40. Kg2 {[%emt 0:00:02]} Qxh4 {[%emt 0:00:02]} 41. cxb5 {
[%emt 0:00:03]} axb5 {[%emt 0:00:02]} 42. a4 {[%emt 0:00:01]} bxa4 {
[%emt 0:00:02]} 43. bxa4 {[%emt 0:00:01]} Qxg5 {[%emt 0:00:02]} 44. Ndf1 {
[%emt 0:00:02]} h5 {[%emt 0:00:02]} 45. Qc4+ {[%emt 0:00:02]} Kg7 {
[%emt 0:00:02]} 46. Kf2 {[%emt 0:00:02]} Qf4+ {[%emt 0:00:01]} 47. Ke1 {
[%emt 0:00:02]} h4 {[%emt 0:00:01]} 0-1

[Event "9. Forchheimer Sparkassen Open 2010"]
[Site "Forchheim"]
[Date "2010.10.02"]
[Round "3.20"]
[White "Klein, Gernot"]
[Black "Schroeder, Jan-Christian"]
[Result "1/2-1/2"]
[WhiteElo "1930"]
[BlackElo "2108"]
[PlyCount "94"]
[EventDate "2010.??.??"]
[WhiteTeam "Post-Telekom SV 1925 Aachen e.V."]
[BlackTeam "SV 1920 Hofheim"]

1. e4 {[%emt 0:00:00]} e5 {[%emt 0:00:01]} 2. Nf3 {[%emt 0:00:02]} Nc6 {
[%emt 0:00:01]} 3. Bb5 {[%emt 0:00:02]} a6 {[%emt 0:00:02]} 4. Ba4 {
[%emt 0:00:01]} Nf6 {[%emt 0:00:02]} 5. d3 {[%emt 0:00:02]} b5 {[%emt 0:00:02]}
6. Bb3 {[%emt 0:00:02]} Be7 {[%emt 0:00:02]} 7. Nc3 {[%emt 0:00:02]} d6 {
[%emt 0:00:01]} 8. Nd5 {[%emt 0:00:02]} Na5 {[%emt 0:00:00]} 9. Nxe7 {
[%emt 0:00:05]} Qxe7 {[%emt 0:00:01]} 10. Bg5 {[%emt 0:00:03]} Nxb3 {
[%emt 0:00:03]} 11. axb3 {[%emt 0:00:01]} Be6 {[%emt 0:00:01]} 12. O-O {
[%emt 0:00:02]} h6 {[%emt 0:00:01]} 13. Bh4 {[%emt 0:00:02]} Bg4 {
[%emt 0:00:01]} 14. Ra5 {[%emt 0:00:03]} g5 {[%emt 0:00:03]} 15. Bg3 {
[%emt 0:00:02]} c5 {[%emt 0:00:03]} 16. Qe2 {[%emt 0:00:17]} Bc8 {
[%emt 0:00:03]} 17. h3 {[%emt 0:00:05]} Nh5 {[%emt 0:00:01]} 18. Rfa1 {
[%emt 0:00:03]} Nxg3 {[%emt 0:00:02]} 19. fxg3 {[%emt 0:00:01]} Bb7 {
[%emt 0:00:06]} 20. Nh2 {[%emt 0:00:02]} f5 {[%emt 0:00:02]} 21. exf5 {
[%emt 0:00:03]} O-O {[%emt 0:00:01]} 22. Rf1 {[%emt 0:00:02]} Qh7 {
[%emt 0:00:05]} 23. g4 {[%emt 0:00:02]} Rae8 {[%emt 0:00:05]} 24. Raa1 {
[%emt 0:00:03]} e4 {[%emt 0:00:02]} 25. dxe4 {[%emt 0:00:02]} Rxe4 {
[%emt 0:00:01]} 26. Qf2 {[%emt 0:00:02]} Qg7 {[%emt 0:00:01]} 27. c3 {
[%emt 0:00:02]} Qf7 {[%emt 0:00:02]} 28. Rfe1 {[%emt 0:00:13]} Rfe8 {
[%emt 0:00:03]} 29. Rxe4 {[%emt 0:00:02]} Rxe4 {[%emt 0:00:01]} 30. Nf3 {
[%emt 0:00:04]} Qxb3 {[%emt 0:00:02]} 31. Qd2 {[%emt 0:00:02]} Qd5 {
[%emt 0:00:02]} 32. Qxd5+ {[%emt 0:00:02]} Bxd5 {[%emt 0:00:02]} 33. Rd1 {
[%emt 0:00:03]} Bb7 {[%emt 0:00:05]} 34. Rxd6 {[%emt 0:00:01]} Re2 {
[%emt 0:00:03]} 35. Rd8+ {[%emt 0:00:03]} Kf7 {[%emt 0:00:02]} 36. Rd7+ {
[%emt 0:00:01]} Re7 {[%emt 0:00:02]} 37. Rxe7+ {[%emt 0:00:01]} Kxe7 {
[%emt 0:00:01]} 38. Ne5 {[%emt 0:00:02]} Bd5 {[%emt 0:00:03]} 39. Kf2 {
[%emt 0:00:03]} a5 {[%emt 0:00:03]} 40. g3 {[%emt 0:00:03]} b4 {[%emt 0:00:02]}
41. cxb4 {[%emt 0:00:07]} cxb4 {[%emt 0:00:02]} 42. Ke3 {[%emt 0:00:02]} a4 {
[%emt 0:00:02]} 43. Kd4 {[%emt 0:00:02]} a3 {[%emt 0:00:21]} 44. bxa3 {
[%emt 0:00:02]} bxa3 {[%emt 0:00:01]} 45. Kc3 {[%emt 0:00:02]} a2 {
[%emt 0:00:01]} 46. Kb2 {[%emt 0:00:02]} Kf6 {[%emt 0:00:03]} 47. Nd3 {
[%emt 0:00:03]} Kf7 {[%emt 0:00:01]} 1/2-1/2

[Event "9. Forchheimer Sparkassen Open 2010"]
[Site "Forchheim"]
[Date "2010.10.02"]
[Round "3.21"]
[White "Pogan, Nikolas"]
[Black "Schweizer, Manfred"]
[Result "1/2-1/2"]
[WhiteElo "2150"]
[BlackElo "2091"]
[PlyCount "44"]
[EventDate "2010.??.??"]
[WhiteTeam "SAbt TSV Willsbach"]
[BlackTeam "Post-SV Memmingen e.V."]

1. d4 {[%emt 0:00:00]} Nf6 {[%emt 0:00:02]} 2. Nf3 {[%emt 0:00:02]} g6 {
[%emt 0:00:02]} 3. g3 {[%emt 0:00:02]} Bg7 {[%emt 0:00:01]} 4. Bg2 {
[%emt 0:00:02]} d6 {[%emt 0:00:02]} 5. c4 {[%emt 0:00:10]} O-O {[%emt 0:00:04]}
6. Nc3 {[%emt 0:00:02]} Nbd7 {[%emt 0:00:02]} 7. O-O {[%emt 0:00:03]} e5 {
[%emt 0:00:01]} 8. e4 {[%emt 0:00:02]} a6 {[%emt 0:00:01]} 9. h3 {
[%emt 0:00:05]} b5 {[%emt 0:00:02]} 10. Re1 {[%emt 0:00:04]} b4 {[%emt 0:00:02]
} 11. Nd5 {[%emt 0:00:02]} Rb8 {[%emt 0:00:03]} 12. Nxf6+ {[%emt 0:00:08]} Bxf6
{[%emt 0:00:11]} 13. dxe5 {[%emt 0:00:07]} dxe5 {[%emt 0:00:03]} 14. Be3 {
[%emt 0:00:03]} Qe7 {[%emt 0:00:02]} 15. Qc2 {[%emt 0:00:21]} Nc5 {
[%emt 0:00:03]} 16. Nd2 {[%emt 0:00:07]} Bd7 {[%emt 0:00:02]} 17. Nb3 {
[%emt 0:00:04]} Ne6 {[%emt 0:00:02]} 18. c5 {[%emt 0:00:05]} Bb5 {
[%emt 0:00:03]} 19. Bf1 {[%emt 0:00:03]} Rfd8 {[%emt 0:00:02]} 20. Na5 {
[%emt 0:00:03]} Qe8 {[%emt 0:00:02]} 21. Rad1 {[%emt 0:00:05]} Bxf1 {
[%emt 0:00:02]} 22. Rxf1 {[%emt 0:00:02]} Qb5 {[%emt 0:00:02]} 1/2-1/2

[Event "9. Forchheimer Sparkassen Open 2010"]
[Site "Forchheim"]
[Date "2010.10.02"]
[Round "3.22"]
[White "Wagner, Dennis"]
[Black "Kuhmann, Peter"]
[Result "1-0"]
[WhiteElo "2166"]
[BlackElo "1934"]
[PlyCount "77"]
[EventDate "2010.??.??"]
[WhiteTeam "Kasseler SK 1876"]
[BlackTeam "TSV Kirchehrenbach"]

1. e4 {[%emt 0:00:00]} d5 {[%emt 0:00:16]} 2. exd5 {[%emt 0:00:02]} Nf6 {
[%emt 0:00:02]} 3. d4 {[%emt 0:00:03]} Nxd5 {[%emt 0:00:02]} 4. Nf3 {
[%emt 0:00:02]} Bg4 {[%emt 0:00:02]} 5. Be2 {[%emt 0:00:02]} e6 {[%emt 0:00:01]
} 6. Ne5 {[%emt 0:00:03]} Bxe2 {[%emt 0:00:01]} 7. Qxe2 {[%emt 0:00:02]} c6 {
[%emt 0:00:01]} 8. O-O {[%emt 0:00:03]} Be7 {[%emt 0:00:02]} 9. c4 {
[%emt 0:00:02]} Nf6 {[%emt 0:00:01]} 10. Rd1 {[%emt 0:00:04]} O-O {
[%emt 0:00:02]} 11. Nc3 {[%emt 0:00:03]} Nbd7 {[%emt 0:00:03]} 12. Bf4 {
[%emt 0:00:03]} Qa5 {[%emt 0:00:02]} 13. Rd3 {[%emt 0:00:03]} c5 {
[%emt 0:00:01]} 14. Nxd7 {[%emt 0:00:03]} Nxd7 {[%emt 0:00:02]} 15. d5 {
[%emt 0:00:01]} e5 {[%emt 0:00:02]} 16. Bxe5 {[%emt 0:00:02]} Nxe5 {
[%emt 0:00:02]} 17. Qxe5 {[%emt 0:00:01]} Bf6 {[%emt 0:00:02]} 18. Qe2 {
[%emt 0:00:02]} Rfe8 {[%emt 0:00:28]} 19. Qc2 {[%emt 0:00:05]} Bxc3 {
[%emt 0:00:03]} 20. Rxc3 {[%emt 0:00:02]} b5 {[%emt 0:00:01]} 21. b3 {
[%emt 0:00:02]} bxc4 {[%emt 0:00:01]} 22. bxc4 {[%emt 0:00:02]} Re5 {
[%emt 0:00:02]} 23. g3 {[%emt 0:00:02]} Rae8 {[%emt 0:00:02]} 24. Rf3 {
[%emt 0:00:03]} Qa6 {[%emt 0:00:03]} 25. Rb1 {[%emt 0:00:02]} Qc8 {
[%emt 0:00:02]} 26. Kg2 {[%emt 0:00:02]} g6 {[%emt 0:00:01]} 27. Qd2 {
[%emt 0:00:02]} Rh5 {[%emt 0:00:02]} 28. h4 {[%emt 0:00:02]} Rxh4 {
[%emt 0:00:01]} 29. gxh4 {[%emt 0:00:05]} Qg4+ {[%emt 0:00:02]} 30. Rg3 {
[%emt 0:00:04]} Qe4+ {[%emt 0:00:02]} 31. Rf3 {[%emt 0:00:03]} Qg4+ {
[%emt 0:00:02]} 32. Rg3 {[%emt 0:00:03]} Qe4+ {[%emt 0:00:01]} 33. Kh2 {
[%emt 0:00:02]} Qxb1 {[%emt 0:00:04]} 34. Re3 {[%emt 0:00:02]} Re4 {
[%emt 0:00:06]} 35. Rxe4 {[%emt 0:00:06]} Qxe4 {[%emt 0:00:02]} 36. Kg3 {
[%emt 0:00:04]} Qxc4 {[%emt 0:00:04]} 37. d6 {[%emt 0:00:02]} h5 {
[%emt 0:00:01]} 38. f3 {[%emt 0:00:02]} Qf1 {[%emt 0:00:02]} 39. d7 {
[%emt 0:00:03]} 1-0